Everton alltime top goalscorers - Statistics

General Stats
  • This quiz has been taken 217 times
  • The average score is 4 of 11
Answer Stats
Hint Answer % Correct
383 Dixie dean
98%
159 Graeme Sharp
73%
138 Bob Latchford
48%
119 Joe Royle
36%
99 Tony Cottee
36%
125 Alex Young
35%
97 Kevin Sheedy
29%
111 Dave Hickson
15%
111 Roy Vernon
10%
110 Edgar Chadwick
2%
97 Jimmy Settle
1%
No matching quizzes found
Score Distribution
Percent of People with Each Score
Percentile by Number Answered
Your Score History
You have not taken this quiz